| 000 | 00543nam a2200169 4500 | ||
|---|---|---|---|
| 020 | _a978-607-15-0540-8 | ||
| 050 | _aTJ260 C4618 2011 | ||
| 082 | _a621.402.2 C395tf | ||
| 100 | _aCengel, Yunus A. | ||
| 245 | _aTransferencia de calor y masa: Fundamentos y aplicaciones / Yunus A. Cengel, Afshin J. Ghajar | ||
| 250 | _a3 / 4 Ingles | ||
| 260 | _aMéxico : McGraw-Hill | ||
| 300 | _axxii, 920 p. / 27 cm. | ||
| 500 | _aIncluye DVD | ||
| 650 | _a1. CALOR-TRANSMISIÓN / 2. APLICACIONES INDUSTRIALES | ||
| 700 | _aI. Ghajar Afshin J. Coaut. | ||
| 999 |
_c27062 _d27062 |
||